000 00531cas a22001815a 4500
001 L138757
008 070709c2000 xxkbr p 0 a0eng u
035 _a(Sirsi) u138757
041 0 _aeng
110 2 _aRoyal Institution of Chartered Surveyors
_bYorkshire Branch
_91085
245 0 0 _aRICS Regional News
_bYorkshire
260 _aS.l.
_bRICS
_c2000-
362 0 _a[1] July 2000-May 2001
554 _aSix per year
651 4 _aYorkshire
_y1888-
690 _aMANAGEMENT-BUSINESS MANAGEMENT-PROFESSIONAL PRACTICE
942 _n0
999 _c119025
_d119025